Houghton Mifflin literary readers / (Record no. 3213)

MARC details
000 -LEADER
fixed length control field 00868nam a2200277 a 4500
001 - CONTROL NUMBER
control field 3213
003 - CONTROL NUMBER IDENTIFIER
control field FISKH
005 - DATE AND TIME OF LATEST TRANSACTION
control field 20240220094713.0
008 - FIXED-LENGTH DATA ELEMENTS--GENERAL INFORMATION
fixed length control field 890710m19899999maua j 000 0 eng
010 ## - LIBRARY OF CONGRESS CONTROL NUMBER
LC control number 89160639
020 ## - INTERNATIONAL STANDARD BOOK NUMBER
International Standard Book Number 0395476984 (bk. 1)
040 ## - CATALOGING SOURCE
Original cataloging agency DLC
Transcribing agency DLC
Modifying agency DLC
Language of cataloging eng
042 ## - AUTHENTICATION CODE
Authentication code lcac
050 ## - LIBRARY OF CONGRESS CALL NUMBER
Classification number PE1117.H60
082 ## - DEWEY DECIMAL CLASSIFICATION NUMBER
Classification number 808.8
100 ## - MAIN ENTRY--PERSONAL NAME
Personal name Durr, William
245 00 - TITLE STATEMENT
Title Houghton Mifflin literary readers /
260 ## - PUBLICATION, DISTRIBUTION, ETC.
Place of publication, distribution, etc. Boston :
Name of publisher, distributor, etc. Houghton Mifflin,
Date of publication, distribution, etc. 1989.
300 ## - PHYSICAL DESCRIPTION
Extent 316 pages :
Other physical details color illustrations ;
Dimensions 24 cm
490 ## - SERIES STATEMENT
Volume/sequential designation Book 1
520 ## - SUMMARY, ETC.
Summary, etc. A collection of stories and poems by such authors as Arnold Lobel, Beatrice Schenk de Regniers, Aileen Fisher, and Bernard Waber.
650 #0 - SUBJECT ADDED ENTRY--TOPICAL TERM
Topical term or geographic name entry element Children's literature.
650 #1 - SUBJECT ADDED ENTRY--TOPICAL TERM
Topical term or geographic name entry element Literature
General subdivision Collections.
906 ## - LOCAL DATA ELEMENT F, LDF (RLIN)
a 7
b cbc
c orignew
d 2
e ncip
f 19
g y-gencatlg
942 ## - ADDED ENTRY ELEMENTS (KOHA)
Source of classification or shelving scheme Dewey Decimal Classification
Koha item type Books
Suppress in OPAC No
Holdings
Withdrawn status Lost status Source of classification or shelving scheme Damaged status Not for loan Collection Home library Current library Shelving location Date acquired Total Checkouts Full call number Barcode Date last seen Price effective from Koha item type
    Dewey Decimal Classification     Fiction Footprints International School Library Network Toul Kork Campus Footprints International School Library Network Toul Kork Campus   02/20/2024   DUR Fic PE1117.H60 FISBK00425 02/20/2024 02/20/2024 Books